Statistics for Municipalities of Okinawa Prefecture

Click here to take the quiz!

General Stats

  • This quiz has been taken 68 times
  • The average score is 21 of 41

Answers on the Map

Answers color-coded by a green-red scale on the quiz's map according to % correct below.
 

Answer Stats

Answer% Correct
Naha 那覇
94%
Okinawa 沖縄
84%
Yonaguni 与那国
75%
Ishigaki 石垣
72%
Nago 名護
72%
Itoman 糸満
69%
Miyakojima 宮古島
69%
Uruma うるま
66%
Chatan 北谷
63%
Kunigami 国頭
59%
Ginowan 宜野湾
56%
Kin 金武
53%
Nakagusuku 中城
53%
Tomigusuku 豊見城
53%
Urasoe 浦添
53%
Yomitan 読谷
53%
Ie 伊江
50%
Kitadaito 北大東
50%
Kumejima 久米島
50%
Minamidaito 南大東
50%
Onna 恩納
50%
Taketomi 竹富
50%
Kadena 嘉手納
47%
Motobu 本部
47%
Iheya 伊平屋
44%
Nanjo 南城
44%
Zamami 座間味
44%
Nakijin 今帰仁
41%
Nishihara 西原
41%
Tarama 多良間
41%
Tokashiki 渡嘉敷
41%
Yonabaru 与那原
41%
Aguni 粟国
38%
Ginoza 宜野座
38%
Haebaru 南風原
38%
Higashi 東
38%
Izena 伊是名
38%
Kitanakagusuku 北中城
38%
Ogimi 大宜味
38%
Tonaki 渡名喜
38%
Yaese 八重瀬
38%

Score Distribution

Percentile by Number Answered

Percent of People with Each Score

Your Score History

You have not taken this quiz